Culture géniale : Europe edition - Statistiques

Statistiques générales
  • Ce quiz a été pris 105 fois
    56 depuis la dernière actualisation
  • Le résultat moyen est 9 sur 15
Statistiques - réponses
Question Réponse % Correct
Quel est le pays le plus peuplé d'Europe ? Allemagne
100%
Pays d'Europe le plus visité France
100%
Quelle est la ville la plus peuplée d'Europe Londres
100%
Dans quelle ville néerlandaise a été signé le traité créant l'Union Européenne comme nous la connaissons en 1993 ? Maastricht
100%
Plus petit pays d'Europe Vatican
100%
Nombre de pays dans l'Union européenne 27
67%
Quel est le pays le plus riche d'Europe Allemagne
67%
Personne la plus riche d'Europe Bernard Arnault (France, LVMH)
67%
Pays d'Europe avec le plus haut taux de chômage Grèce
67%
Quand a commencé la création de l'Union Européenne ? 1952
33%
Personnalité la plus puissante d'Europe Angela Merkel (Allemagne)
33%
Entreprise avec le chiffre d'affaire le plus important en Europe Royal Dutch Shell (Pétrole, Pays-Bas)
33%
Pays d'Europe ayant le plus de morts dus a la Covid-19 Royaume-Uni
33%
Quel est le plus grand pays d'Europe (hors territoires d'outre-mer) ? Ukraine
33%
Quelle est la ville centrale de l'Union Européenne ? Bruxelles
0%
Aucun quiz correspondant
Distribution des résultats
% des personnes avec chaque résultat
Percentile par nombre de réponses
Votre historique - résultats
Vous n’avez pas pris ce quiz depuis la dernière actualisation